[Event "Moscow Aeroflot op-A"]
[Site "Moscow"]
[Date "2025.03.06"]
[Round "9"]
[White "Charochkina, Daria"]
[Black "Rychkov, Oleg"]
[Result "0-1"]
[WhiteElo "2323"]
[BlackElo "2386"]
[PlyCount "92"]
[EventDate "2025.03.01"]
[EventType "swiss"]
[EventRounds "9"]
[EventCountry "RUS"]
[SourceTitle "CB11_2025"]
[SourceDate "2025.03.12"]
[SourceVersion "1"]
[SourceVersionDate "2025.03.12"]
[SourceQuality "1"]

1. d4 Nf6 2. c4 b6 3. Nc3 Bb7 4. Bf4 e6 5. a3 g6 6. Qc2 Bg7 7. e4 0-0 8. Nf3 d5 9. cxd5 exd5 10. e5 Nh5 11. Be3 f6 12. 0-0-0 fxe5 13. dxe5 c6 14. g4 Nf4 15. Ne4 c5 16. Bc4 Nd7 17. Bxf4 Rxf4 18. Qd2 Nxe5 19. Qxf4 Nxc4 20. g5 Bxb2+ 21. Kb1 Qd7 22. Nfd2 Be5 23. Nf6+ Bxf6 24. Qxf6 Nxa3+ 25. Kc1 Rf8 26. Qb2 Qa4 27. Rhe1 Nc4 28. Nxc4 Qxc4+ 29. Kb1 Bc8 30. Rd2 Bf5+ 31. Ka1 Be4 32. Re3 Rf4 33. Ra3 a5 34. Rc3 Qf1+ 35. Rc1 Qh3 36. Re2 c4 37. Re3 Qd7 38. Rce1 Qa4+ 39. Ra3 Qb4 40. Re2 Rg4 41. Qxb4 axb4 42. Ra8+ Kf7 43. f3 Rg1+ 44. Ka2 b3+ 45. Kb2 Rb1+ 46. Kc3 d4+ 0-1

[Event "Moscow Aeroflot op-A"]
[Site "Moscow"]
[Date "2025.03.05"]
[Round "8"]
[White "Rychkov, Oleg"]
[Black "Pashikyan, Rudolf"]
[Result "0-1"]
[WhiteElo "2386"]
[BlackElo "2335"]
[PlyCount "94"]
[EventDate "2025.03.01"]
[EventType "swiss"]
[EventRounds "9"]
[EventCountry "RUS"]
[SourceTitle "CB11_2025"]
[SourceDate "2025.03.12"]
[SourceVersion "1"]
[SourceVersionDate "2025.03.12"]
[SourceQuality "1"]

1. b3 d5 2. Bb2 a5 3. e3 Nf6 4. c4 e6 5. Nc3 c6 6. Nf3 Bd6 7. g4 Nbd7 8. g5 Ne4 9. Rg1 Nxc3 10. dxc3 a4 11. b4 a3 12. Bc1 0-0 13. Qb3 f5 14. Bxa3 f4 15. cxd5 exd5 16. Be2 fxe3 17. fxe3 Qe7 18. Bc1 Qe4 19. Qd1 Ne5 20. Nd4 Bh3 21. Qc2 Qh4+ 22. Kd1 Ng4 23. Bd2 Bxh2 24. Re1 Bg3 25. Rg1 Bh2 26. Re1 Bg2 27. Kc1 Nxe3 28. Qd3 Rae8 29. Bf3 Bxf3 30. Rxe3 Be4 31. Qe2 Bf4 32. Qe1 Qxg5 33. Re2 Bxd2+ 34. Qxd2 Rf1+ 35. Kb2 Qxd2+ 36. Rxd2 Rxa1 37. Kxa1 g5 38. Rh2 Kg7 39. a4 Kg6 40. a5 h5 41. b5 cxb5 42. Rb2 Bd3 43. Rd2 Bc4 44. Rf2 g4 45. Kb2 g3 46. Rf4 g2 47. Nf3 Re3 0-1

[Event "Moscow Aeroflot op-A"]
[Site "Moscow"]
[Date "2025.03.02"]
[Round "2"]
[White "Rychkov, Oleg"]
[Black "Sichinava, Zviad"]
[Result "1-0"]
[WhiteElo "2386"]
[BlackElo "2310"]
[PlyCount "58"]
[EventDate "2025.03.01"]
[EventType "swiss"]
[EventRounds "9"]
[EventCountry "RUS"]
[SourceTitle "CB11_2025"]
[SourceDate "2025.03.12"]
[SourceVersion "1"]
[SourceVersionDate "2025.03.12"]
[SourceQuality "1"]

1. e4 e6 2. d3 d5 3. Qe2 Ne7 4. Nf3 c5 5. g3 Nbc6 6. h4 e5 7. c3 Bg4 8. Bh3 Bxh3 9. Rxh3 h5 10. Na3 g6 11. Ng5 f6 12. exd5 Qxd5 13. Ne4 0-0-0 14. Be3 Nf5 15. Nxf6 Qe6 16. Ne4 Nxe3 17. Ng5 Qf5 18. Qxe3 Be7 19. Qe4 Rxd3 20. Qxf5+ gxf5 21. Rd1 Rxd1+ 22. Kxd1 Kd7 23. Nc4 Bxg5 24. hxg5 Ke6 25. f4 b5 26. Ne3 Ne7 27. Ke2 Ng6 28. Ng2 e4 29. Rh1 Rh7 1-0

[Event "Moscow Aeroflot op-A"]
[Site "Moscow"]
[Date "2025.03.02"]
[Round "3"]
[White "Tsydypov, Zhamsaran"]
[Black "Rychkov, Oleg"]
[Result "1-0"]
[WhiteElo "2505"]
[BlackElo "2386"]
[PlyCount "75"]
[EventDate "2025.03.01"]
[EventType "swiss"]
[EventRounds "9"]
[EventCountry "RUS"]
[SourceTitle "CB11_2025"]
[SourceDate "2025.03.12"]
[SourceVersion "1"]
[SourceVersionDate "2025.03.12"]
[SourceQuality "1"]

1. e4 e5 2. Nf3 Nc6 3. Bc4 Bc5 4. c3 Nf6 5. d3 d6 6. Bg5 a5 7. a4 h6 8. Bh4 g5 9. Bg3 Ba7 10. Na3 Ne7 11. Nb5 Ng6 12. Nxa7 Rxa7 13. h4 g4 14. h5 Nf4 15. Bxf4 exf4 16. Nd4 Qe7 17. Qd2 d5 18. Bb5+ Kf8 19. Qxf4 dxe4 20. 0-0-0 Kg7 21. dxe4 c5 22. Nf5+ Bxf5 23. exf5 Qe4 24. Qxe4 Nxe4 25. Rhe1 Nf6 26. Re7 Rha8 27. Rc7 b6 28. Rc6 Nxh5 29. Rdd6 Nf4 30. Rxh6 Nxg2 31. Rh2 Ne1 32. Rh4 Nf3 33. Rxg4+ Kh7 34. Rg3 Ne5 35. Rd6 Rg8 36. Rh3+ Kg7 37. f6+ Kg6 38. f4 1-0

[Event "Moscow Aeroflot op-A"]
[Site "Moscow"]
[Date "2025.03.01"]
[Round "1"]
[White "Najer, Evgeniy"]
[Black "Rychkov, Oleg"]
[Result "1-0"]
[WhiteElo "2637"]
[BlackElo "2386"]
[PlyCount "63"]
[EventDate "2025.03.01"]
[EventType "swiss"]
[EventRounds "9"]
[EventCountry "RUS"]
[SourceTitle "CB11_2025"]
[SourceDate "2025.03.12"]
[SourceVersion "1"]
[SourceVersionDate "2025.03.12"]
[SourceQuality "1"]

1. e4 e5 2. Nf3 Nc6 3. Bb5 a6 4. Ba4 Nf6 5. 0-0 Nxe4 6. Re1 Nc5 7. Bxc6 dxc6 8. Nxe5 Be7 9. d4 Ne6 10. Be3 0-0 11. c4 f6 12. Nf3 Ng5 13. Nxg5 fxg5 14. Nc3 Bf6 15. Qb3 Kh8 16. d5 Bf5 17. Qxb7 Rb8 18. Qxc6 Rxb2 19. Rac1 Bxc3 20. Rxc3 Rxa2 21. Rb3 Bd7 22. Qc5 h6 23. Rb7 Qf6 24. Rxc7 Rf7 25. Qd4 Qf5 26. h3 h5 27. c5 Ra4 28. Qd1 g4 29. Rxd7 Rxd7 30. Qxa4 gxh3 31. Qf4 Qxd5 32. Qf3 1-0

[Event "Titled Tuesday intern op 11th Feb Early"]
[Site "Chess.com INT"]
[Date "2025.02.11"]
[Round "1"]
[White "Rychkov, Oleg"]
[Black "Pavlidou, Ekaterini"]
[Result "1-0"]
[WhiteElo "2386"]
[BlackElo "2160"]
[PlyCount "65"]
[EventDate "2025.02.11"]
[EventType "swiss (blitz)"]
[EventRounds "11"]
[EventCountry "USA"]
[SourceTitle "CB09_2025"]
[SourceDate "2025.02.27"]
[SourceVersion "1"]
[SourceVersionDate "2025.02.27"]
[SourceQuality "1"]

1. b3 c5 2. Bb2 Nc6 3. e3 e5 4. Bb5 Nge7 5. Nf3 d6 6. d4 cxd4 7. exd4 e4 8. Nfd2 d5 9. c4 a6 10. Ba4 b5 11. cxb5 axb5 12. Bxb5 Ba6 13. Bxa6 Rxa6 14. 0-0 Ng6 15. a3 Be7 16. b4 Ra7 17. Nb3 0-0 18. Nc3 f5 19. b5 Na5 20. Nxa5 Qxa5 21. a4 Rd7 22. Qb3 Qa8 23. a5 f4 24. f3 Bf6 25. Nxe4 Nh4 26. b6 Kh8 27. Nc5 Re7 28. a6 Qe8 29. a7 Re3 30. a8Q Nxf3+ 31. Rxf3 Re1+ 32. Rf1 Rxf1+ 33. Kxf1 1-0

[Event "Titled Tuesday intern op 04th Feb Early"]
[Site "Chess.com INT"]
[Date "2025.02.04"]
[Round "6"]
[White "Malek, Jan"]
[Black "Rychkov, Oleg"]
[Result "1-0"]
[WhiteElo "2504"]
[BlackElo "2386"]
[PlyCount "59"]
[EventDate "2025.02.04"]
[EventType "swiss (blitz)"]
[EventRounds "11"]
[EventCountry "USA"]
[SourceTitle "CB07_2025"]
[SourceDate "2025.02.12"]
[SourceVersion "1"]
[SourceVersionDate "2025.02.12"]
[SourceQuality "1"]

1. Nf3 Nf6 2. g3 b5 3. Na3 a6 4. c4 e6 5. Bg2 Bxa3 6. bxa3 Bb7 7. Rb1 Bc6 8. Qc2 bxc4 9. Qxc4 Bd5 10. Qc2 Nc6 11. Bb2 Bxa2 12. Rc1 Bd5 13. Bxf6 Qxf6 14. e4 Ne5 15. Nxe5 Qxe5 16. f4 Qd4 17. exd5 0-0 18. Qc5 Qd3 19. dxe6 Rae8 20. e7 d6 21. Qe3 Qxe3+ 22. dxe3 Rxe7 23. Kd2 f5 24. Bd5+ Kh8 25. Rc6 Rb8 26. Rhc1 Rb2+ 27. R1c2 Rxc2+ 28. Rxc2 c5 29. Rb2 h5 30. Rb6 1-0

[Event "Titled Tuesday intern op 04th Feb Early"]
[Site "Chess.com INT"]
[Date "2025.02.04"]
[Round "4"]
[White "Rychkov, Oleg"]
[Black "Matyunin, Maxim"]
[Result "1-0"]
[WhiteElo "2386"]
[BlackElo "2099"]
[PlyCount "85"]
[EventDate "2025.02.04"]
[EventType "swiss (blitz)"]
[EventRounds "11"]
[EventCountry "USA"]
[SourceTitle "CB07_2025"]
[SourceDate "2025.02.12"]
[SourceVersion "1"]
[SourceVersionDate "2025.02.12"]
[SourceQuality "1"]

1. d4 e6 2. c4 d5 3. Nc3 Be7 4. cxd5 exd5 5. Bf4 c6 6. e3 Nf6 7. Bd3 0-0 8. h3 Be6 9. g4 Nbd7 10. g5 Ne8 11. h4 Bd6 12. Qh5 g6 13. Qf3 Bxf4 14. Qxf4 Qc7 15. Nge2 Qxf4 16. Nxf4 Nd6 17. h5 Bf5 18. Kd2 Bxd3 19. Kxd3 Rae8 20. f3 Rd8 21. Rh3 Rfe8 22. Rah1 Nf8 23. b3 Nf5 24. Nd1 b6 25. Ne2 c5 26. Ng3 Nxg3 27. Rxg3 Rd7 28. Nf2 Rde7 29. Ng4 Nd7 30. Rgh3 cxd4 31. Kxd4 Rc8 32. Kxd5 b5 33. Kd6 Kf8 34. hxg6 Nb6 35. g7+ Kxg7 36. Kxe7 Rc6 37. Rxh7+ Kg6 38. R7h6+ Kf5 39. Rxc6 Nd5+ 40. Kxf7 Nxe3 41. Nxe3+ Ke5 42. Rh4 a6 43. Re4# 1-0

[Event "Titled Tuesday intern op 28th Jan Early"]
[Site "Chess.com INT"]
[Date "2025.01.28"]
[Round "2"]
[White "Mejia, Cherry Ann"]
[Black "Rychkov, Oleg"]
[Result "0-1"]
[WhiteElo "1991"]
[BlackElo "2386"]
[PlyCount "50"]
[EventDate "2025.01.28"]
[EventType "swiss (blitz)"]
[EventRounds "11"]
[EventCountry "USA"]
[SourceTitle "CB06_2025"]
[SourceDate "2025.02.05"]
[SourceVersion "1"]
[SourceVersionDate "2025.02.05"]
[SourceQuality "1"]

1. e4 c6 2. d4 d5 3. e5 Bf5 4. Nf3 e6 5. Bd3 Bxd3 6. Qxd3 c5 7. 0-0 Nc6 8. Rd1 cxd4 9. Nxd4 Nxe5 10. Qb3 Qd7 11. Bf4 Ng6 12. Bg3 Nf6 13. Nb5 Rc8 14. Nxa7 Rc5 15. Nc3 Be7 16. Na4 Ra5 17. Nb6 Qd8 18. Nac8 Bc5 19. c4 0-0 20. cxd5 exd5 21. Bh4 Nxh4 22. Qc3 Bxb6 23. Nxb6 Qxb6 24. b4 Raa8 25. a4 Ne4 0-1

[Event "Titled Tuesday intern op 28th Jan Early"]
[Site "Chess.com INT"]
[Date "2025.01.28"]
[Round "1"]
[White "Rychkov, Oleg"]
[Black "Melikhov, Evgeny V"]
[Result "1-0"]
[WhiteElo "2386"]
[BlackElo "2138"]
[PlyCount "95"]
[EventDate "2025.01.28"]
[EventType "swiss (blitz)"]
[EventRounds "11"]
[EventCountry "USA"]
[SourceTitle "CB06_2025"]
[SourceDate "2025.02.05"]
[SourceVersion "1"]
[SourceVersionDate "2025.02.05"]
[SourceQuality "1"]

1. d4 Nf6 2. c4 e6 3. Nc3 Bb4 4. a3 Bxc3+ 5. bxc3 b6 6. f3 Nc6 7. e4 Na5 8. Bg5 h6 9. Bh4 Ba6 10. e5 g5 11. Bf2 Ng8 12. h4 g4 13. fxg4 Bxc4 14. Bxc4 Nxc4 15. Nf3 Qc8 16. Qd3 d5 17. g5 h5 18. g6 Ne7 19. gxf7+ Kxf7 20. Ng5+ Ke8 21. 0-0 Kd7 22. Nh7 Kc6 23. Nf6 Qf8 24. Be3 Qg7 25. Bg5 Kb7 26. Qh3 Nf5 27. Rxf5 exf5 28. Nxd5 Qd7 29. Qf3 Qc6 30. Ne7 Qxf3 31. gxf3 c6 32. Nxf5 b5 33. f4 Nb6 34. Nd6+ Kc7 35. f5 Nd5 36. Rc1 Kd7 37. Kf2 a5 38. Ne4 b4 39. Nc5+ Kc7 40. cxb4 axb4 41. axb4 Nxb4 42. f6 Nd5 43. e6 Kd6 44. f7 Ra3 45. Re1 Ne7 46. Nb7+ Kd5 47. Bxe7 Kxd4 48. Bxa3 1-0

[Event "Titled Tuesday intern op 10th Sep Early"]
[Site "Chess,com INT"]
[Date "2024.09.10"]
[Round "1"]
[White "Rychkov, Oleg"]
[Black "Tamer Wahba, Fared"]
[Result "1-0"]
[WhiteElo "2386"]
[BlackElo "2096"]
[PlyCount "75"]
[EventDate "2024.09.10"]
[EventType "swiss (blitz)"]
[EventRounds "11"]
[EventCountry "USA"]
[SourceTitle "EXT 2025"]
[Source "ChessBase"]
[SourceDate "2024.10.14"]
[SourceVersion "1"]
[SourceVersionDate "2024.10.14"]
[SourceQuality "1"]

1. b3 d5 2. Bb2 Nf6 3. e3 c5 4. f4 Nc6 5. Nf3 Bg4 6. Bb5 e6 7. Bxc6+ bxc6 8. d3 Bd6 9. Nbd2 0-0 10. h3 Bxf3 11. Qxf3 Nd7 12. e4 e5 13. f5 Nb6 14. 0-0 f6 15. a4 a5 16. g4 c4 17. Kh1 Bb4 18. c3 Be7 19. Rf2 cxd3 20. Qxd3 dxe4 21. Qxe4 Qd5 22. c4 Qxe4+ 23. Nxe4 Rfd8 24. Rf3 Rab8 25. h4 Nxc4 26. Bc3 Rxb3 27. Raf1 Bb4 28. g5 Bxc3 29. Nxc3 Nd2 30. Rd1 Nxf3 31. Rxd8+ Kf7 32. Ne4 fxg5 33. hxg5 Rb4 34. Rd7+ Ke8 35. Nc5 Nxg5 36. Rxg7 Nf7 37. f6 Rf4 38. Rg8# 1-0

[Event "Titled Tuesday intern op 16th Jul Early"]
[Site "Chess.com INT"]
[Date "2024.07.16"]
[Round "2"]
[White "Rodriguez, Santiago"]
[Black "Rychkov, Oleg"]
[Result "0-1"]
[WhiteElo "2252"]
[BlackElo "2384"]
[PlyCount "82"]
[EventDate "2024.07.16"]
[EventType "swiss (blitz)"]
[EventRounds "11"]
[EventCountry "USA"]
[SourceTitle "EXT 2025"]
[Source "ChessBase"]
[SourceDate "2024.10.14"]
[SourceVersion "1"]
[SourceVersionDate "2024.10.14"]
[SourceQuality "1"]

1. d4 d5 2. Bf4 Nf6 3. e3 a6 4. c4 c6 5. Nc3 e6 6. Nf3 dxc4 7. Bxc4 b5 8. Bd3 Bb7 9. 0-0 Nbd7 10. Rc1 Be7 11. Ne4 0-0 12. Ne5 Nxe5 13. Bxe5 Nd7 14. Nd6 Nxe5 15. dxe5 Qb6 16. Nxb7 Qxb7 17. Be4 Rac8 18. Qh5 g6 19. Qf3 Qb8 20. Qg3 c5 21. h4 Rfd8 22. h5 Kg7 23. Rc2 Rd7 24. f4 Rcd8 25. hxg6 hxg6 26. f5 exf5 27. Bxf5 Rd1 28. Rcf2 Rxf1+ 29. Rxf1 Rd5 30. Bxg6 fxg6 31. Qf3 Qxe5 32. Qf7+ Kh6 33. Rf3 Rd1+ 34. Kf2 Bh4+ 35. Ke2 Qd6 36. Qf4+ Qxf4 37. Rxf4 Rh1 38. a4 Bg5 39. Rf8 Rb1 40. axb5 Rxb2+ 41. Kf3 axb5 0-1

[Event "Titled Tuesday intern op 16th Jul Early"]
[Site "Chess.com INT"]
[Date "2024.07.16"]
[Round "1"]
[White "Rychkov, Oleg"]
[Black "Javornik, Nik"]
[Result "1-0"]
[WhiteElo "2384"]
[BlackElo "2180"]
[PlyCount "69"]
[EventDate "2024.07.16"]
[EventType "swiss (blitz)"]
[EventRounds "11"]
[EventCountry "USA"]
[SourceTitle "EXT 2025"]
[Source "ChessBase"]
[SourceDate "2024.10.14"]
[SourceVersion "1"]
[SourceVersionDate "2024.10.14"]
[SourceQuality "1"]

1. e4 c5 2. d4 cxd4 3. Qxd4 Nc6 4. Qd3 Nf6 5. Nc3 g6 6. Nf3 Bg7 7. Be2 0-0 8. 0-0 d6 9. Nd5 Nd7 10. c3 Nde5 11. Nxe5 Nxe5 12. Qc2 e6 13. Ne3 Qc7 14. f4 Nc6 15. f5 b6 16. f6 Bh8 17. Ng4 Rd8 18. Bh6 d5 19. Qc1 Ne5 20. exd5 Nxg4 21. Bxg4 exd5 22. Bxc8 Raxc8 23. Be3 Qc6 24. Bd4 Rd6 25. Qg5 Re8 26. Rf2 Ree6 27. Raf1 a5 28. h4 h5 29. g4 hxg4 30. h5 g3 31. Rf3 g2 32. Kxg2 Re2+ 33. Kg1 Rd8 34. hxg6 Qc7 35. Rh3 1-0

[Event "Titled Tuesday intern op 16th Jul Early"]
[Site "Chess.com INT"]
[Date "2024.07.16"]
[Round "3"]
[White "Zemlyanskii, Ivan"]
[Black "Rychkov, Oleg"]
[Result "1-0"]
[WhiteElo "2541"]
[BlackElo "2384"]
[PlyCount "53"]
[EventDate "2024.07.16"]
[EventType "swiss (blitz)"]
[EventRounds "11"]
[EventCountry "USA"]
[SourceTitle "EXT 2025"]
[Source "ChessBase"]
[SourceDate "2024.10.14"]
[SourceVersion "1"]
[SourceVersionDate "2024.10.14"]
[SourceQuality "1"]

1. d4 d5 2. c4 c6 3. Nf3 Nf6 4. e3 e6 5. Bd3 Nbd7 6. 0-0 dxc4 7. Bxc4 b5 8. Bd3 Bb7 9. e4 a6 10. a4 Be7 11. e5 Nd5 12. Nc3 Nxc3 13. bxc3 0-0 14. Qe2 Qc7 15. Qe4 g6 16. Qg4 c5 17. Bh6 Rfb8 18. h4 cxd4 19. cxd4 Qc3 20. Rfd1 bxa4 21. h5 Nf8 22. Bxf8 Bxf3 23. Qxf3 Bxf8 24. hxg6 hxg6 25. Rxa4 a5 26. Rc4 Qb3 27. Rc7 1-0

[Event "Titled Tuesday intern op 18th Jun Early"]
[Site "Chess.com INT"]
[Date "2024.06.18"]
[Round "6"]
[White "Anton Guijarro, David"]
[Black "Rychkov, Oleg"]
[Result "1-0"]
[WhiteElo "2669"]
[BlackElo "2384"]
[PlyCount "91"]
[EventDate "2024.06.18"]
[EventType "swiss (blitz)"]
[EventRounds "11"]
[EventCountry "USA"]
[SourceTitle "EXT 2025"]
[Source "ChessBase"]
[SourceDate "2024.10.14"]
[SourceVersion "1"]
[SourceVersionDate "2024.10.14"]
[SourceQuality "1"]

1. d4 Nf6 2. Nf3 e6 3. Bg5 d5 4. Nbd2 Nbd7 5. e3 Be7 6. Bd3 b6 7. Ne5 Nxe5 8. dxe5 Nd7 9. Bxe7 Qxe7 10. f4 Bb7 11. Qg4 f5 12. exf6 gxf6 13. 0-0-0 0-0-0 14. g3 h5 15. Qh4 Rdg8 16. Be2 d4 17. e4 Nc5 18. Bf3 d3 19. Rhe1 dxc2 20. Kxc2 Rd8 21. Re3 Rd4 22. e5 Bxf3 23. Nxf3 Rxd1 24. Kxd1 Qd7+ 25. Ke1 f5 26. Kf2 Ne4+ 27. Kg2 Qc6 28. Re2 Rd8 29. Qxh5 Rd3 30. h4 Kb7 31. Kh2 Qc1 32. Rg2 Qf1 33. Ng1 Nf2 34. Qe2 Ng4+ 35. Kh1 Qb1 36. h5 Rd8 37. Qf3+ Kb8 38. Re2 Rh8 39. Kg2 Rxh5 40. Nh3 Rh8 41. Rd2 Qc1 42. Qc3 Qe1 43. Rd8+ Rxd8 44. Qxe1 Rd3 45. Nf2 Ne3+ 46. Kh3 1-0

[Event "Titled Tuesday intern op 18th Jun Early"]
[Site "Chess.com INT"]
[Date "2024.06.18"]
[Round "2"]
[White "Cheng, Xiao"]
[Black "Rychkov, Oleg"]
[Result "0-1"]
[WhiteElo "2288"]
[BlackElo "2384"]
[PlyCount "86"]
[EventDate "2024.06.18"]
[EventType "swiss (blitz)"]
[EventRounds "11"]
[EventCountry "USA"]
[SourceTitle "EXT 2025"]
[Source "ChessBase"]
[SourceDate "2024.10.14"]
[SourceVersion "1"]
[SourceVersionDate "2024.10.14"]
[SourceQuality "1"]

1. e4 c6 2. d4 d5 3. exd5 cxd5 4. c4 Nf6 5. Nc3 e6 6. Nf3 Bb4 7. Bd3 0-0 8. 0-0 dxc4 9. Bxc4 Nbd7 10. Bg5 b6 11. a3 Bxc3 12. bxc3 Bb7 13. Bd3 Rc8 14. c4 Qc7 15. Rc1 Ng4 16. g3 Qc6 17. d5 Qd6 18. Nd4 Nge5 19. Nb5 Qb8 20. Bf4 exd5 21. cxd5 Rxc1 22. Bxc1 a6 23. Nc3 Rc8 24. Bb2 Nc4 25. Ba1 Nf6 26. Bf5 Rd8 27. a4 Nxd5 28. Qg4 Ne5 29. Qh3 Nxc3 30. Qxh7+ Kf8 31. f4 Qc7 32. Qh8+ Ke7 33. Qh4+ f6 34. Re1 Qc5+ 35. Kf1 Qc4+ 36. Kg1 Ne2+ 37. Kf2 Rd2 38. fxe5 Ng1+ 39. Ke3 Re2+ 40. Rxe2 Qxe2+ 41. Kd4 Nf3+ 42. Kc3 Nxh4 43. exf6+ gxf6 0-1

[Event "Titled Tuesday intern op 18th Jun Early"]
[Site "Chess.com INT"]
[Date "2024.06.18"]
[Round "8"]
[White "Pranesh, Munirethinam"]
[Black "Rychkov, Oleg"]
[Result "1-0"]
[WhiteElo "2561"]
[BlackElo "2384"]
[PlyCount "133"]
[EventDate "2024.06.18"]
[EventType "swiss (blitz)"]
[EventRounds "11"]
[EventCountry "USA"]
[SourceTitle "EXT 2025"]
[Source "ChessBase"]
[SourceDate "2024.10.14"]
[SourceVersion "1"]
[SourceVersionDate "2024.10.14"]
[SourceQuality "1"]

1. e4 c6 2. d4 d5 3. e5 Bf5 4. Nc3 e6 5. g4 Bg6 6. Nge2 c5 7. h4 h5 8. Nf4 Bh7 9. g5 Bf5 10. g6 fxg6 11. Bd3 Qd7 12. Nxg6 Bxg6 13. Bxg6+ Kd8 14. Qf3 Ne7 15. Bg5 Nbc6 16. Nb5 Nxd4 17. Nxd4 cxd4 18. 0-0-0 Kc7 19. Bxh5 Nc6 20. Bg4 Be7 21. Qg3 Bxg5+ 22. hxg5 Qf7 23. Kb1 Raf8 24. f3 Kd7 25. a3 Rxh1 26. Rxh1 Qf4 27. Qxf4 Rxf4 28. Rh7 Nxe5 29. Rxg7+ Kd6 30. Bh5 Nxf3 31. g6 Ne5 32. Rxb7 Rf1+ 33. Ka2 Rg1 34. g7 a5 35. Be8 d3 36. cxd3 Nxd3 37. Rd7+ Ke5 38. Rc7 Rg2 39. Bb5 Nf4 40. Be8 d4 41. Kb3 d3 42. Rd7 Nd5 43. Bh5 Nf6 44. Bf3 Rg3 45. Rxd3 Rxg7 46. Ka4 Ra7 47. Kb5 Ne8 48. Bc6 Nd6+ 49. Kc5 Nf5 50. Kb6 Rh7 51. Kxa5 Rh2 52. b4 Nd4 53. b5 Rc2 54. Kb6 Nf5 55. a4 Nd6 56. Rd1 Nc4+ 57. Kc7 Rb2 58. Rc1 Na5 59. b6 Rb4 60. Bb5 Kd4 61. b7 Nxb7 62. Kxb7 e5 63. Kb6 e4 64. a5 Rb2 65. a6 Ra2 66. Rc4+ Ke5 67. Ra4 1-0

[Event "Titled Tuesday intern op 18th Jun Early"]
[Site "Chess.com INT"]
[Date "2024.06.18"]
[Round "7"]
[White "Rychkov, Oleg"]
[Black "Antoniou, Rafail"]
[Result "1-0"]
[WhiteElo "2384"]
[BlackElo "2027"]
[PlyCount "118"]
[EventDate "2024.06.18"]
[EventType "swiss (blitz)"]
[EventRounds "11"]
[EventCountry "USA"]
[SourceTitle "EXT 2025"]
[Source "ChessBase"]
[SourceDate "2024.10.14"]
[SourceVersion "1"]
[SourceVersionDate "2024.10.14"]
[SourceQuality "1"]

1. b3 d5 2. Bb2 e6 3. Nf3 Nf6 4. e3 Be7 5. g3 0-0 6. Bg2 b6 7. 0-0 Bb7 8. c4 Nbd7 9. Nc3 c5 10. cxd5 Nxd5 11. Qe2 N7f6 12. Rfd1 Nxc3 13. dxc3 Qc7 14. c4 Rad8 15. Be5 Qc8 16. Ne1 Bxg2 17. Nxg2 Qc6 18. Nf4 Ne4 19. h4 Bf6 20. Qb2 Bxe5 21. Qxe5 Nd2 22. Rxd2 Rxd2 23. Nh5 f6 24. Qf4 Rfd8 25. Qg4 Qb7 26. Nxf6+ Kh8 27. Ne4 R2d3 28. Ng5 Qd7 29. Kh2 Rd2 30. Rf1 Rf8 31. Kg1 h6 32. Ne4 Rxa2 33. Rd1 Qf7 34. f4 Qf5 35. Qxf5 exf5 36. Nf2 Re2 37. Rd3 Re8 38. Nd1 Rc2 39. Kf1 a5 40. Nc3 Rc1+ 41. Kf2 Rc2+ 42. Kf3 Rb2 43. Na4 Rc2 44. Nxb6 Rb8 45. Na4 Rc8 46. Rd5 Rc1 47. Nxc5 Rb1 48. Rxf5 Rd8 49. Rd5 Rc8 50. e4 Rf1+ 51. Kg4 Rc1 52. e5 Rb1 53. h5 a4 54. bxa4 Rb4 55. e6 Rxc4 56. e7 Kh7 57. Rd8 g6 58. hxg6+ Kg7 59. e8Q R8xc5 1-0

[Event "Titled Tuesday intern op 18th Jun Early"]
[Site "Chess.com INT"]
[Date "2024.06.18"]
[Round "3"]
[White "Rychkov, Oleg"]
[Black "Kollars, Dmitrij"]
[Result "1-0"]
[WhiteElo "2384"]
[BlackElo "2648"]
[PlyCount "79"]
[EventDate "2024.06.18"]
[EventType "swiss (blitz)"]
[EventRounds "11"]
[EventCountry "USA"]
[SourceTitle "EXT 2025"]
[Source "ChessBase"]
[SourceDate "2024.10.14"]
[SourceVersion "1"]
[SourceVersionDate "2024.10.14"]
[SourceQuality "1"]

1. b3 e5 2. Bb2 Nc6 3. e3 Nf6 4. Bb5 Bd6 5. Na3 Be7 6. Bxc6 dxc6 7. Nc4 e4 8. a4 0-0 9. a5 Be6 10. Ne2 Nd5 11. 0-0 c5 12. Ng3 f5 13. f3 exf3 14. Qxf3 Bf6 15. Bxf6 Qxf6 16. Nh5 Qe7 17. Nf4 Rad8 18. Rf2 Bf7 19. Qg3 Nb4 20. d3 Rde8 21. Re1 Nc6 22. h4 Kh8 23. h5 Rg8 24. Ng6+ Bxg6 25. hxg6 Rgf8 26. Qh3 h6 27. Rxf5 Rxf5 28. Qxf5 Rf8 29. Qg4 Qf6 30. Qg3 b5 31. axb6 cxb6 32. Nd2 Nb4 33. Rf1 Qe7 34. Rxf8+ Qxf8 35. Ne4 Nxc2 36. Nd6 Kg8 37. Qe5 h5 38. Qd5+ Kh8 39. Qxh5+ Kg8 40. Qh7# 1-0

[Event "Titled Tuesday intern op 18th Jun Early"]
[Site "Chess.com INT"]
[Date "2024.06.18"]
[Round "4"]
[White "Rychkov, Oleg"]
[Black "Madaminov, Mukhiddin"]
[Result "0-1"]
[WhiteElo "2384"]
[BlackElo "2517"]
[PlyCount "70"]
[EventDate "2024.06.18"]
[EventType "swiss (blitz)"]
[EventRounds "11"]
[EventCountry "USA"]
[SourceTitle "EXT 2025"]
[Source "ChessBase"]
[SourceDate "2024.10.14"]
[SourceVersion "1"]
[SourceVersionDate "2024.10.14"]
[SourceQuality "1"]

1. b3 d5 2. Bb2 Bf5 3. e3 e6 4. Nf3 h6 5. Be2 Nf6 6. 0-0 Nbd7 7. c4 c6 8. Nc3 Bd6 9. d4 0-0 10. Bd3 Qe7 11. Re1 Bxd3 12. Qxd3 Bb4 13. Nd2 Rfd8 14. a3 Bxc3 15. Bxc3 a5 16. e4 dxe4 17. Nxe4 Nxe4 18. Qxe4 a4 19. d5 cxd5 20. cxd5 axb3 21. dxe6 Qxe6 22. Qxe6 fxe6 23. Reb1 Nf8 24. Rxb3 Rd3 25. Kf1 Rc8 26. Rc1 e5 27. Ke2 e4 28. f3 Ne6 29. fxe4 Nf4+ 30. Kf1 Rf8 31. g3 Rf3+ 32. Ke1 Ng2+ 33. Ke2 Re3+ 34. Kd1 Rf2 35. Rxb7 Rd3+ 0-1

[Event "Titled Tuesday intern op 18th Jun Early"]
[Site "Chess.com INT"]
[Date "2024.06.18"]
[Round "1"]
[White "Rychkov, Oleg"]
[Black "Novak, Ratko"]
[Result "1-0"]
[WhiteElo "2384"]
[BlackElo "2034"]
[PlyCount "47"]
[EventDate "2024.06.18"]
[EventType "swiss (blitz)"]
[EventRounds "11"]
[EventCountry "USA"]
[SourceTitle "EXT 2025"]
[Source "ChessBase"]
[SourceDate "2024.10.14"]
[SourceVersion "1"]
[SourceVersionDate "2024.10.14"]
[SourceQuality "1"]

1. e4 d5 2. exd5 c6 3. Nc3 cxd5 4. Bb5+ Nc6 5. d4 f6 6. Qh5+ g6 7. Qxd5 Bd7 8. Bc4 e6 9. Qe4 f5 10. Qe3 Qe7 11. Nf3 Bg7 12. d5 Bxc3+ 13. Qxc3 exd5+ 14. Be2 Nf6 15. Bg5 0-0 16. 0-0 Ne4 17. Bxe7 Nxc3 18. bxc3 Nxe7 19. Rab1 b6 20. Rfd1 Rac8 21. c4 Be6 22. Ng5 Bf7 23. Nxf7 Kg7 24. Nd6 1-0